03108cam a22004694a 4500952014000000952014000140952015500280999001500435001000900450003000400459005001700463008004100480010001700521015001900538016002000557016001800577020002800595020003100623035002300654040009800677042000800775050002100783082002200804084001500826100003700841245002900878246001800907250001200925260004600937300007500983500008701058504005101145505060701196505060601803650001302409650001202422655001302434730001302447856009102460906004502551942004202596 00102ddc40708BIOLOGYaMESbMEScBOTANYd2019-02-20g3986.00l0o572.86 BRO/Gp35827r2019-02-20 00:00:00t1w2019-02-20yBKzGL18R2 00102ddc40708BIOLOGYaMESbMEScBOTANYd2022-10-29g2500.00l0o572.86 BRO/Gp41672r2022-10-29 00:00:00t2w2022-10-29yBKzGL18R2 00102ddc40708BIOLOGYaMESbMEScBOTANYd2022-10-29g2500.00l2m2o572.86 BRO/Gp41673r2024-03-22 08:55:42s2024-03-07t3w2022-10-29yBKzGL18R2 c1819d181914311382OSt20221029112613.0060317s2007 nyuab b 001 0 eng  a 2006009128 aGBA6128432bnb7 a1012717952DNLM7 a0133758572Uk a0815341385 (alk. paper) a9780815341383 (alk. paper) a(OCoLC)ocm65195299 aDNLM/DLCcDLCdNLMdBAKERdC#PdCOOdUKMdAGLdUBYdYDXCPdSTFdLVBdNLGGCdOCLCQdBTCTAdDLC apcc00aQH447b.B76 200700a572.86222bBRO/G a42.202bcl1 aBrown, T. A.q(Terence A.)9499110aGenomes 3 /cT.A. Brown.3 aGenomes three a3rd ed. aNew York :bGarland Science Pub.,cc2007. axxii, 713 p. :bcol. ill., col. maps ;c28 cm. +e1 CD-ROM (4 3/4 in.) aRev. ed. of: Genomes / edited by T.A. Brown. Oxford ; New York : Wiley-Liss, 2002. aIncludes bibliographical references and index.0 aGenomes, transcriptomes, and proteomes -- Studying DNA -- Mapping genomes -- Sequencing genomes -- Understanding a genome sequence -- Understanding how a genome functions -- Eukaryotic nuclear genomes -- Genomes of prokaryotes and eukaryotic organelles -- Virus genomes and mobile genetic elements -- Accessing the genome -- Assembly of the transcription initiation complex -- Synthesis and processing of RNA -- Synthesis and processing of the proteome -- Regulation of genome activity -- Genome replication -- Mutations and DNA repair -- Recombination -- How genomes evolve -- Molecular phylogenetics.0 aGenomes, transcriptomes, and proteomes -- Studying DNA -- Mapping genomes -- Sequencing genomes -- Understanding a genome sequence -- Understanding how a genome functions -- Eukaryotic nuclear genomes -- Genomes of prokaryotes and eukaryotic organelles -- Virus genomes and mobile genetic elements -- Accessing the genome -- Assembly of the transcription initiation comple -- Synthesis and processing of RNA -- Synthesis and processing of the proteome -- Regulation of genome activity -- Genome replication -- Mutations and DNA repair -- Recombination -- How genomes evolve -- Molecular phylogenetics. 0aGenomes.12aGenome. 0aCD-ROMs.0 aGenomes.423Publisher descriptionuhttp://www.loc.gov/catdir/enhancements/fy0654/2006009128-d.html a7bcbccorignewd1eecipf20gy-gencatlg 2ddccBKh572.86iBRO/Gk572.86mBRO/G